| 000 | 00518nam a22001817a 4500 | ||
|---|---|---|---|
| 005 | 20260611135828.0 | ||
| 008 | 260611b |||||||| |||| 00| 0 eng d | ||
| 020 | _a9789390227426 | ||
| 082 | _a344.046 | ||
| 100 | _aNakka, Maheswara Swamy | ||
| 245 |
_aLaw Relating to Environmental Pollution and Protection _bVolume 1 _cNakka, Maheshwara Swamy |
||
| 250 | _a6th | ||
| 260 |
_aHyderabad _bAsia Law House _c2021 |
||
| 500 | _aTransfered | ||
| 650 |
_vLaw _xEnvironmental Pollution |
||
| 942 | _cBK | ||
| 999 |
_c249727 _d249727 |
||